| 000 | 00340nam a2200109Ia 4500 | ||
|---|---|---|---|
| 008 | 171211s9999 xx 000 0 und d | ||
| 245 | _aAnalog Days: The Invention and Impact of the Moog Synthesizer | ||
| 245 | _cFrank Trocco and Trevor Pinch | ||
| 260 | _c2004 | ||
| 650 | _xmusic | ||
| 856 | _uhttp://down.ebook777.com/063/9780674016170.pdf | ||
| 999 |
_c348633 _d348633 |
||